60 years of RICS Geomatics (Record no. 80995)
[ view plain ]
| 000 -LEADER | |
|---|---|
| fixed length control field | 00930cab a22002055a 4500 |
| 001 - CONTROL NUMBER | |
| control field | L146008 |
| 008 - FIXED-LENGTH DATA ELEMENTS--GENERAL INFORMATION | |
| fixed length control field | 081201s2008 xxkado f 000 0 eng d |
| 035 ## - SYSTEM CONTROL NUMBER | |
| System control number | (Sirsi) u146008 |
| 041 0# - LANGUAGE CODE | |
| Language code of text/sound track or separate title | eng |
| 100 1# - MAIN ENTRY--PERSONAL NAME | |
| Personal name | Kavanagh, James |
| 245 00 - TITLE STATEMENT | |
| Title | 60 years of RICS Geomatics |
| 260 ## - PUBLICATION, DISTRIBUTION, ETC. | |
| Date of publication, distribution, etc. | 2008 |
| 490 ## - SERIES STATEMENT | |
| Series statement | Geomatics World |
| Volume/sequential designation | 1(17) November/December 2008, 20-25(4) |
| 520 ## - SUMMARY, ETC. | |
| Summary, etc. | Article records the history of the RICS Geomatics facility from its 1948 inception as the Land Surveying Division to the present day. Discusses the Second World War, the agenda for change, membership and examinations. Also looks at the published output of the faculty and conferences, as well as commentary on the links forged between the faculty and other professional and government bodies. |
| 590 ## - LOCAL NOTE (RLIN) | |
| Local note | KA |
| 651 #4 - SUBJECT ADDED ENTRY--GEOGRAPHIC NAME | |
| Geographic name | United Kingdom |
| Chronological subdivision | |
| 690 ## - LOCAL SUBJECT ADDED ENTRY--TOPICAL TERM (OCLC, RLIN) | |
| Topical term or geographic name as entry element | ENVIRONMENTAL AND LAND CONSULTANCY-GEOMATICS-SITE SURVEYING |
| 700 1# - ADDED ENTRY--PERSONAL NAME | |
| Personal name | Smith, Jim |
| 942 ## - ADDED ENTRY ELEMENTS (KOHA) | |
| Suppress in OPAC | 0 |
| Withdrawn status | Lost status | Source of classification or shelving scheme | Damaged status | Not for loan | Home library | Current library | Shelving location | Date acquired | Total Checkouts | Full call number | Barcode | Date last seen | Copy number | Price effective from | Koha item type |
|---|---|---|---|---|---|---|---|---|---|---|---|---|---|---|---|
| Dewey Decimal Classification | London | London | Journal article | 01/12/2008 | L146008 | 146008-1001 | 06/08/2019 | 1 | 06/08/2019 | Journal article |